<?xml version="1.0" encoding="UTF-8"?>
<collection xmlns="http://www.loc.gov/MARC21/slim">
 <record>
  <leader>01276nam a22002297a 4500</leader>
  <controlfield tag="001">NCT_4_019739</controlfield>
  <controlfield tag="008">250516b        xxu||||| |||| 00| 0 vie d</controlfield>
  <datafield tag="999" ind1=" " ind2=" ">
   <subfield code="c">8961</subfield>
   <subfield code="d">8961</subfield>
  </datafield>
  <datafield tag="020" ind1=" " ind2=" ">
   <subfield code="a">9786044049267</subfield>
   <subfield code="c">239000</subfield>
  </datafield>
  <datafield tag="082" ind1="0" ind2="4">
   <subfield code="2">23rd ed.</subfield>
   <subfield code="a">303.483</subfield>
   <subfield code="b">J82</subfield>
  </datafield>
  <datafield tag="100" ind1="1" ind2=" ">
   <subfield code="a">Jorgenson, Eric</subfield>
  </datafield>
  <datafield tag="245" ind1="1" ind2="0">
   <subfield code="a">Balaji Srinivasan</subfield>
   <subfield code="b">: Công nghệ, sự thật và tương lai</subfield>
   <subfield code="c">Eric Jorgenson ; Long Vũ (Dịch)</subfield>
  </datafield>
  <datafield tag="260" ind1=" " ind2=" ">
   <subfield code="a">H.</subfield>
   <subfield code="b">Dân trí</subfield>
   <subfield code="c">2024</subfield>
  </datafield>
  <datafield tag="300" ind1=" " ind2=" ">
   <subfield code="a">311 tr.</subfield>
   <subfield code="b">Minh họa</subfield>
   <subfield code="c">22cm</subfield>
  </datafield>
  <datafield tag="504" ind1=" " ind2=" ">
   <subfield code="a">Có tài liệu tham khảo</subfield>
  </datafield>
  <datafield tag="520" ind1="3" ind2=" ">
   <subfield code="a">Sách khám phá vai trò của công nghệ trong việc tái cấu trúc xã hội và định hình tương lai số hóa. Cuốn sách chia thành ba phần chính: Phần 1: Công nghệ Phần 2: Sự thật Phần 3: Kiến tạo tương lai </subfield>
  </datafield>
  <datafield tag="653" ind1=" " ind2=" ">
   <subfield code="a">Tham khảo</subfield>
  </datafield>
  <datafield tag="700" ind1="1" ind2=" ">
   <subfield code="a">Long Vũ</subfield>
   <subfield code="e">Dịch</subfield>
  </datafield>
  <datafield tag="942" ind1=" " ind2=" ">
   <subfield code="2">ddc</subfield>
   <subfield code="c">BK</subfield>
  </datafield>
  <datafield tag="952" ind1=" " ind2=" ">
   <subfield code="0">0</subfield>
   <subfield code="1">0</subfield>
   <subfield code="2">ddc</subfield>
   <subfield code="4">0</subfield>
   <subfield code="6">303_483000000000000_J82</subfield>
   <subfield code="7">0</subfield>
   <subfield code="9">30719</subfield>
   <subfield code="a">000001</subfield>
   <subfield code="b">000001</subfield>
   <subfield code="d">2025-05-16</subfield>
   <subfield code="o">303.483 J82</subfield>
   <subfield code="p">TK.05268</subfield>
   <subfield code="r">2025-05-16</subfield>
   <subfield code="v">239000.00</subfield>
   <subfield code="w">2025-05-16</subfield>
   <subfield code="y">BK</subfield>
  </datafield>
  <datafield tag="952" ind1=" " ind2=" ">
   <subfield code="0">0</subfield>
   <subfield code="1">0</subfield>
   <subfield code="2">ddc</subfield>
   <subfield code="4">0</subfield>
   <subfield code="6">303_483000000000000_J82</subfield>
   <subfield code="7">0</subfield>
   <subfield code="9">30720</subfield>
   <subfield code="a">000001</subfield>
   <subfield code="b">000001</subfield>
   <subfield code="d">2025-05-16</subfield>
   <subfield code="o">303.483 J82</subfield>
   <subfield code="p">TK.05269</subfield>
   <subfield code="r">2025-05-16</subfield>
   <subfield code="v">239000.00</subfield>
   <subfield code="w">2025-05-16</subfield>
   <subfield code="y">BK</subfield>
  </datafield>
  <datafield tag="980" ind1=" " ind2=" ">
   <subfield code="a">Thư viện Trường Đại học Nam Cần Thơ</subfield>
  </datafield>
 </record>
</collection>
